• 首页
  • 本馆介绍
  • 公告通知
  • 最新文献
  • 馆藏检索
  • 电子资源
  • 读者导购
  • 参考咨询
  • 我的图书馆
  • 登录
  • 详细信息显示
  • 放入我的书架
  • 预约/预借图书
  • 作者相关作品
  • 分类相关作品
  • 丛书相关作品
  • 出版社相关作品

书目信息

  • 表格格式
  • 工作单格式
  • 卡片格式
题名:
晚清军政启示录
    
 
作者: 宗承灏 著
分册: 1   被砍断的龙旗
出版信息: 北京   现代出版社  2019.01
页数: 343页, [16] 页图版
开本: 24cm
丛书名:
单 册:
中图分类: E295.2
科图分类:
主题词: 军事史--jun shi shi--研究--中国--清后期
电子资源:
ISBN: 978-7-5143-7423-0
000 00984nam 2200253 450
001 CAL 0120182612317
005 20230307194705.81
010    @a978-7-5143-7423-0@dCNY55.00
100    @a20181214d2019 em y0chiy0120 ea
101 0  @achi
102    @aCN@b110000
105    @aaf z 000yy
106    @ar
200 1  @a晚清军政启示录@Awan qing jun zheng qi shi lu@h1@i被砍断的龙旗@f宗承灏著
210    @a北京@c现代出版社@d2019.01
215    @a343页, [16] 页图版@c图@d24cm
314    @a宗承灏, 国内新一代历史题材写作领军人物。
330    @a本书以晚清 (从乾隆后期写起) 的军政大事为剖析点, 研究和探讨了清朝与西方文明交锋的走向和结局, 总结了清朝覆亡的教训与启示。本书以如实的史学之笔, 细述了鸦片战争以来的战例, 对国人确有警钟般的警示作用。
517 1  @a被砍断的龙旗@Abei kan duan de long qi
606 0  @a军事史@Ajun shi shi@x研究@y中国@z清后期
690    @aE295.2@v5
701  0 @a宗承灏@Azong cheng hao@4著
801  0 @aCN@bBJXHZP@c20230228
905    @b1390228-31@dE295.2@e119:1@f4
    
    晚清军政启示录.1.被砍断的龙旗/宗承灏著.-北京:现代出版社,2019.01
    343页, [16] 页图版:图;24cm
    
    
    ISBN 978-7-5143-7423-0:CNY55.00
    本书以晚清 (从乾隆后期写起) 的军政大事为剖析点, 研究和探讨了清朝与西方文明交锋的走向和结局, 总结了清朝覆亡的教训与启示。本书以如实的史学之笔, 细述了鸦片战争以来的战例, 对国人确有警钟般的警示作用。
●
相关链接 在E读中查询图书 在五车中查询图书 在当当中查询图书 在豆瓣中查询图书


正题名:晚清军政启示录     索取号:E295.2/119:1         预约/预借

序号 登录号 条形码 馆藏地/架位号 状态 备注
1 1390228   213902286   第一样本阅览室/ [索取号:E295.2/119:1] 在馆    
2 1390229   213902295   第一借阅区/ [索取号:E295.2/119:1] 在馆    
3 1390230   213902302   第一借阅区/ [索取号:E295.2/119:1] 在馆    
4 1390231   213902311   第一借阅区/ [索取号:E295.2/119:1] 在馆    
唐山师范学院图书馆 欢迎您!
大连网信软件有限公司© 版权所有